[Event "ICS rated standard match"]
[Site "204.178.125.65"]
[Date "2001.01.12"]
[Round "?"]
[White "Hossa"]
[Black "diep"]
[Result "1/2-1/2"]
[WhiteElo "2339"]
[BlackElo "2499"]
[PlyCount "217"]
[EventDate "2001.??.??"]

1. e4 d6 2. d4 Nf6 3. Nc3 g6 4. g3 Bg7 5. Bg2 O-O 6. Nge2 e5 7. O-O c6 8. dxe5
dxe5 9. Qxd8 Rxd8 10. f4 Be6 11. fxe5 Ng4 12. Bg5 Re8 13. Rad1 h6 14. Bf4 Nd7
15. h3 Ngxe5 16. b3 Nb6 17. Nd4 Bd7 18. a4 Rad8 19. a5 Na8 20. Nde2 Be6 21. Be3
a6 22. Na4 Bc8 23. Rxd8 Rxd8 24. g4 Nc7 25. Kf2 Bxg4 26. Bb6 Bxe2 27. Kxe2 Rc8
28. Nc5 Ne6 29. Nxb7 Bf8 30. Rd1 Nf4+ 31. Kf1 c5 32. Nd6 Rc6 33. Ne8 c4 34. Be3
cxb3 35. Bxf4 bxc2 36. Rc1 Nd3 37. e5 Rc4 38. Nf6+ Kg7 39. Be4 Nxf4 40. Rxc2
Ra4 41. Rc7 Ra1+ 42. Kf2 Nxh3+ 43. Kg2 Ng5 44. Ne8+ Kh8 45. Bd5 Rxa5 46. Bxf7
Rxe5 47. Bxg6 Re2+ 48. Kf1 Re6 49. Bh5 Ne4 50. Bf7 Re5 51. Rd7 Ng5 52. Bg6 a5
53. Rd8 Bb4 54. Bd3 Re1+ 55. Kf2 Nf7 56. Rb8 Ne5 57. Be4 Bc3 58. Bf5 Rh1 59.
Kg2 Rd1 60. Nf6+ Kg7 61. Nh5+ Kf7 62. Rb7+ Kf8 63. Ng7 Rd2+ 64. Kg3 Nc4 65.
Ne6+ Kg8 66. Bh7+ Kh8 67. Bg6 Rb2 68. Re7 Nd6 69. Ra7 Rb8 70. Rh7+ Kg8 71. Rxh6
Be5+ 72. Kf3 a4 73. Rh5 Bf6 74. Rh1 a3 75. Rg1 Kh8 76. Rh1+ Kg8 77. Rg1 Rb3+
78. Ke2 Rb2+ 79. Kd3 Rh2 80. Rf1 Rh3+ 81. Ke2 Bg7 82. Rb1 Rh2+ 83. Kf3 Bb2 84.
Rg1 Be5 85. Bb1+ Kf7 86. Nd8+ Ke8 87. Nc6 Bc3 88. Rd1 Kd7 89. Rc1 Nb5 90. Na7
Nxa7 91. Bf5+ Ke7 92. Rxc3 Nb5 93. Re3+ Kf6 94. Be6 Rc2 95. Bg8 Kg7 96. Bd5 Kf8
97. Kf4 Rd2 98. Ke5 Ke7 99. Bc4 Nd6 100. Bd5 a2 101. Bxa2 Rxa2 102. Kd5+ Kf6
103. Kxd6 Rd2+ 104. Kc7 Rc2+ 105. Kd7 Rd2+ 106. Ke8 Rc2 107. Kf8 Rc8+ 108. Re8
Rxe8+ 109. Kxe8 {Game drawn because neither player has mating material} 1/2-1/2

[Event "ICS rated standard match"]
[Site "204.178.125.65"]
[Date "2001.01.12"]
[Round "?"]
[White "diep"]
[Black "Hossa"]
[Result "1-0"]
[WhiteElo "2492"]
[BlackElo "2346"]
[PlyCount "131"]
[EventDate "2001.??.??"]

1. d4 Nf6 2. c4 e6 3. Nc3 Bb4 4. Qc2 O-O 5. a3 Bxc3+ 6. Qxc3 b6 7. Bg5 Bb7 8.
f3 h6 9. Bh4 d5 10. e3 Nbd7 11. Nh3 c5 12. cxd5 Nxd5 13. Bxd8 Nxc3 14. Be7 Rfe8
15. Bh4 Nd5 16. Bb5 g5 17. dxc5 gxh4 18. c6 Red8 19. cxb7 Rab8 20. Rc1 Nc5 21.
Ke2 Nxb7 22. e4 Nf6 23. Rc7 e5 24. b4 Nd6 25. Ba4 Rbc8 26. Rhc1 Kg7 27. Nf2
Rxc7 28. Rxc7 a5 29. Nd3 axb4 30. axb4 Ra8 31. Bb3 Ra3 32. Bxf7 Nb5 33. Re7
Nd4+ 34. Ke3 Nc6 35. Rc7 Nxb4 36. Bb3+ Kf8 37. Nxb4 Rxb3+ 38. Nd3 Ke8 39. Ke2
h3 40. g4 Nd7 41. Rc8+ Ke7 42. Rh8 Rc3 43. Nb4 Kf7 44. Rh7+ Ke8 45. Kf2 Rc4 46.
Nd5 Rc6 47. Kg3 Rd6 48. Kxh3 b5 49. Nc7+ Kd8 50. Nxb5 Rc6 51. Kg3 Nf6 52. Rb7
Nd7 53. Ra7 Nf6 54. Rf7 Nd7 55. h4 Rg6 56. Nc3 Ke8 57. Rf5 Ke7 58. Nd5+ Kd6 59.
Rf7 Ke6 60. Re7+ Kd6 61. Rh7 Nf8 62. Rh8 Nd7 63. h5 Re6 64. Ne3 Kc5 65. Nf5 Rb6
66. Nxh6 {Hossa resigns} 1-0

[Event "ICS rated blitz match"]
[Site "204.178.125.65"]
[Date "2001.01.12"]
[Round "?"]
[White "ChesterX"]
[Black "Hossa"]
[Result "1-0"]
[WhiteElo "2682"]
[BlackElo "2582"]
[PlyCount "129"]
[EventDate "2001.??.??"]

1. d4 Nf6 2. c4 e6 3. Nc3 Bb4 4. e3 c5 5. Nge2 cxd4 6. exd4 O-O 7. a3 Be7 8.
Nf4 d5 9. cxd5 exd5 10. Be2 Nc6 11. Bf3 Be6 12. O-O Bd6 13. Re1 Bxf4 14. Bxf4
Qb6 15. Be5 Nd7 16. Nxd5 Bxd5 17. Bxd5 Ndxe5 18. dxe5 Qxb2 19. Rb1 Qxa3 20.
Rxb7 Rad8 21. e6 Qc5 22. Rd7 Rxd7 23. exd7 Nd8 24. Qh5 Ne6 25. Qf5 g6 26. Qe4
Nc7 27. Qc4 Qxc4 28. Bxc4 Rd8 29. Re7 h5 30. f4 a5 31. Bb3 h4 32. Kf2 a4 33.
Bxa4 Kf8 34. Re5 Ne6 35. f5 gxf5 36. Rxf5 Ke7 37. Rh5 Ra8 38. Rxh4 Nc5 39. Bb5
Ra5 40. Rd4 Kd8 41. Bc4 f6 42. h4 Ra4 43. h5 Ra1 44. Kg3 Re1 45. h6 f5 46. Rh4
Ne4+ 47. Kh2 Ng5 48. h7 Nxh7 49. Rxh7 Re5 50. g3 Kc7 51. Rf7 f4 52. gxf4 Rh5+
53. Kg3 Rh8 54. f5 Rh1 55. Be6 Rd1 56. Rf8 Rd3+ 57. Kf4 Rd4+ 58. Ke5 Rd2 59.
Rc8+ Kb7 60. Bd5+ Ka6 61. d8=Q Re2+ 62. Kd6 Re7 63. Rc6+ Kb5 64. Rc5+ Kb4 65.
Qa5# {Hossa checkmated} 1-0

[Event "ICS rated blitz match"]
[Site "204.178.125.65"]
[Date "2001.01.12"]
[Round "?"]
[White "CosmicJoke"]
[Black "Hossa"]
[Result "1-0"]
[WhiteElo "2785"]
[BlackElo "2576"]
[PlyCount "57"]
[EventDate "2001.??.??"]

1. d4 d5 2. Nf3 Nc6 3. c4 Nf6 4. cxd5 Qxd5 5. Nc3 Qa5 6. Bd2 e5 7. e4 Bg4 8.
Nd5 Nb4 9. Nxf6+ gxf6 10. a3 Qb6 11. axb4 exd4 12. Qa4+ c6 13. h3 Bxf3 14. gxf3
Rg8 15. b5 c5 16. Ba5 Qd6 17. b6+ Ke7 18. bxa7 Bh6 19. Qb5 f5 20. Rg1 Rxg1 21.
Qxb7+ Qd7 22. Qxa8 Qb5 23. Bd8+ Kd7 24. Qd5+ Ke8 25. Qe5+ Kf8 26. Be7+ Kg8 27.
a8=Q+ Qe8 28. Qxe8+ Bf8 29. Qxf8# {Hossa checkmated} 1-0

[Event "ICS rated blitz match"]
[Site "204.178.125.65"]
[Date "2001.01.12"]
[Round "?"]
[White "Hossa"]
[Black "CosmicJoke"]
[Result "0-1"]
[WhiteElo "2569"]
[BlackElo "2792"]
[PlyCount "110"]
[EventDate "2001.??.??"]

1. d4 d5 2. Nf3 Nf6 3. e3 c5 4. Bd3 Nc6 5. dxc5 e5 6. Bb5 Bg4 7. h3 Bxf3 8.
Qxf3 Bxc5 9. O-O O-O 10. Nd2 e4 11. Qd1 Bd6 12. Nb3 Rc8 13. Bd2 Be5 14. c3 Qb6
15. Qe2 a6 16. Ba4 Nd8 17. Nd4 Qxb2 18. a3 Qb6 19. Rfc1 Qa7 20. Ra2 Rc7 21. Nf5
Ne6 22. Qf1 Rfc8 23. Bb3 Nc5 24. Bc2 Kh8 25. Rb2 Ne6 26. Qe1 Ne8 27. Qe2 Bxc3
28. Bxc3 Rxc3 29. Ne7 R8c5 30. Qh5 Nd8 31. Qe5 Nf6 32. Qd6 Ne6 33. Ra2 b5 34.
Nf5 Ne8 35. Qh2 R5c4 36. Nd6 Nxd6 37. Qxd6 d4 38. exd4 Rxd4 39. Qe5 Rd2 40. Kh1
Qxf2 41. Qh2 e3 42. Raa1 e2 43. Rg1 Rcxc2 44. Qb8+ Rd8 45. Qb7 Rcd2 46. Rae1
Rd1 47. Qf3 Qxe1 48. Rxe1 Rxe1+ 49. Kh2 Nd4 50. Qxf7 Rh1+ 51. Kxh1 e1=Q+ 52.
Kh2 Ne2 53. Qf1 Qxf1 54. h4 Qf2 55. a4 Qxh4# {Hossa checkmated} 0-1

[Event "ICS rated blitz match"]
[Site "204.178.125.65"]
[Date "2001.01.12"]
[Round "?"]
[White "CosmicJoke"]
[Black "Hossa"]
[Result "1-0"]
[WhiteElo "2799"]
[BlackElo "2562"]
[PlyCount "67"]
[EventDate "2001.??.??"]

1. e4 g6 2. d4 Bg7 3. Nf3 c6 4. Nc3 d6 5. h3 Nf6 6. Be2 b5 7. a3 O-O 8. O-O Bb7
9. e5 dxe5 10. dxe5 Nfd7 11. Bf4 Qc7 12. Qd4 Na6 13. Rfd1 Nb6 14. Qe3 Nd5 15.
Nxd5 cxd5 16. Bxb5 Qxc2 17. Rac1 Qxb2 18. Qd3 Nb4 19. axb4 Qxb4 20. Bd2 Qe4 21.
Qa3 d4 22. Rc7 Bxe5 23. Rxe7 f6 24. Rd7 Rfd8 25. Re1 Qc2 26. Rxb7 Bd6 27. Qa6
Kh8 28. Bh6 Rac8 29. Nxd4 Be7 30. Rbxe7 Qc6 31. Qxc6 Rf8 32. Bg7+ Kg8 33. Qd5+
Rf7 34. Qxf7# {Hossa checkmated} 1-0

[Event "ICS rated blitz match"]
[Site "204.178.125.65"]
[Date "2001.01.12"]
[Round "?"]
[White "Hossa"]
[Black "CosmicJoke"]
[Result "0-1"]
[WhiteElo "2555"]
[BlackElo "2806"]
[PlyCount "196"]
[EventDate "2001.??.??"]

1. d4 Nf6 2. c4 g6 3. Nc3 d5 4. cxd5 Nxd5 5. e4 Nxc3 6. bxc3 Bg7 7. Bc4 O-O 8.
Ne2 Nc6 9. O-O e5 10. Ba3 Re8 11. d5 Na5 12. Bd3 b6 13. Qd2 Nb7 14. f4 Nd6 15.
fxe5 Bxe5 16. Rf2 Qh4 17. g3 Qg4 18. Nf4 Bd7 19. Re1 h5 20. Ng2 Rab8 21. Bb4 a5
22. Bxd6 cxd6 23. Ref1 Rf8 24. Qh6 h4 25. Nxh4 Bxc3 26. Nf3 Bg7 27. Qc1 f5 28.
exf5 Bxf5 29. Bxf5 Rxf5 30. Qe3 Kh8 31. Qe6 Rbf8 32. Kg2 R8f6 33. Qd7 Qe4 34.
Qd8+ Kh7 35. Qxb6 Qxd5 36. Qd8 Rf7 37. Qh4+ Kg8 38. Qg4 Qe6 39. Rb1 R7f6 40.
Rb8+ Bf8 41. Rb7 d5 42. Qh3 Bg7 43. Rb8+ Rf8 44. Rxf8+ Bxf8 45. Qg4 Bg7 46. Qh4
Bf6 47. Qa4 d4 48. Qc2 Kh7 49. Qc7+ Bg7 50. g4 Rb5 51. h3 Qd5 52. Kh2 d3 53. a4
Rb4 54. Qe7 Rb8 55. Qc7 Re8 56. h4 Kg8 57. Qb6 Rf8 58. Qb5 Qe4 59. Kg2 Kh7 60.
Qd7 d2 61. h5 Rf7 62. hxg6+ Kxg6 63. Qxd2 Qxg4+ 64. Kh1 Rxf3 65. Qd6+ Rf6 66.
Qd3+ Kf7 67. Qd5+ Qe6 68. Qh5+ Kg8 69. Rxf6 Bxf6 70. Qf3 Kf7 71. Qb7+ Kg6 72.
Qg2+ Bg5 73. Qc2+ Kf6 74. Qc3+ Qe5 75. Qc6+ Kf5 76. Qc8+ Ke4 77. Qc2+ Ke3 78.
Qf2+ Kd3 79. Qg3+ Qe3 80. Qd6+ Kc3 81. Qc6+ Kb3 82. Qb5+ Ka3 83. Kh2 Qf2+ 84.
Kh1 Qf3+ 85. Kh2 Bf4+ 86. Kg1 Be3+ 87. Kh2 Qe4 88. Qxa5 Qh4+ 89. Kg2 Qg4+ 90.
Kf1 Qf3+ 91. Ke1 Qf2+ 92. Kd1 Qf1+ 93. Kc2 Qe2+ 94. Kc3 Qd2+ 95. Kc4 Qd4+ 96.
Kb5 Qd5+ 97. Ka6 Qc6+ 98. Qb6 Qxb6# {Hossa checkmated} 0-1

[Event "ICS rated standard match"]
[Site "204.178.125.65"]
[Date "2001.01.12"]
[Round "?"]
[White "Hossa"]
[Black "AlexTheGreat"]
[Result "1-0"]
[WhiteElo "2336"]
[BlackElo "1965"]
[PlyCount "49"]
[EventDate "2001.??.??"]

1. e4 e5 2. Nf3 Nc6 3. d4 d6 4. dxe5 dxe5 5. Qxd8+ Kxd8 6. Bc4 f6 7. Be3 Bb4+
8. c3 Ba5 9. h3 Bb6 10. Bxb6 axb6 11. O-O Bd7 12. Rd1 Kc8 13. Na3 Nge7 14. Rd2
Na7 15. Rad1 Bc6 16. Be6+ Kb8 17. Rd8+ Rxd8 18. Rxd8+ Nac8 19. Nd2 Ka7 20. Rh8
Nd6 21. Rxh7 Nxe4 22. Nxe4 Bxe4 23. Nb5+ Ka6 24. Nxc7+ Ka5 25. Rxg7 {
AlexTheGreat resigns} 1-0

[Event "ICS Rated blitz match"]
[Site "204.178.125.65"]
[Date "2001.01.12"]
[Round "?"]
[White "monsoon"]
[Black "Hossa"]
[Result "0-1"]
[WhiteElo "2331"]
[BlackElo "2549"]
[PlyCount "146"]
[EventDate "2001.??.??"]

1. c4 c6 2. e4 d5 3. exd5 cxd5 4. d4 Nc6 5. Nc3 Nf6 6. Nf3 Bg4 7. cxd5 Bxf3 8.
Qxf3 Nxd4 9. Qd1 e5 10. Bg5 Be7 11. Bxf6 Bxf6 12. Qa4+ Kf8 13. Bd3 a6 14. Qb4+
Be7 15. Qxb7 a5 16. O-O Bc5 17. Nb5 Rb8 18. Qc7 Qxc7 19. Nxc7 Bd6 20. Rac1 Rxb2
21. Nb5 Ke7 22. Nxd4 exd4 23. Rfe1+ Kf6 24. Rc4 Rxa2 25. Rxd4 Rd2 26. h3 Rb8
27. g4 Rb4 28. Rxb4 Bxb4 29. Re3 a4 30. f4 g6 31. g5+ Kg7 32. Rf3 a3 33. Bc4 a2
34. Rf1 Bc5+ 35. Kh1 Rb2 36. Bxa2 Rxa2 37. Rd1 Bd6 38. Rd4 Rf2 39. h4 Rxf4 40.
Rxf4 Bxf4 41. Kg2 h6 42. gxh6+ Kxh6 43. Kf3 Bd6 44. Ke2 Kh5 45. Ke3 g5 46. Kd4
gxh4 47. Kc4 Kg5 48. Kb3 Kf6 49. Kc3 Ke5 50. Kd2 Kxd5 51. Ke3 Bc5+ 52. Kf4 Kd4
53. Kf3 Kd3 54. Kg4 Ke2 55. Kxh4 Bd4 56. Kg5 Kf3 57. Kf5 f6 58. Ke6 Ke4 59. Kd7
f5 60. Kc8 f4 61. Kd7 f3 62. Ke8 Be3 63. Kd7 Kd5 64. Kc8 f2 65. Kb7 Kc5 66. Kc8
Kd6 67. Kb7 Bc5 68. Ka8 Kc6 69. Kb8 Bd6+ 70. Ka7 Bb8+ 71. Kxb8 f1=R 72. Ka7 Rf8
73. Ka6 Ra8# {monsoon checkmated} 0-1

[Event "ICS rated blitz match"]
[Site "204.178.125.65"]
[Date "2001.01.12"]
[Round "?"]
[White "Hossa"]
[Black "monsoon"]
[Result "1-0"]
[WhiteElo "2556"]
[BlackElo "2324"]
[PlyCount "197"]
[EventDate "2001.??.??"]

1. e4 e5 2. Nf3 Nc6 3. d4 exd4 4. Nxd4 Nf6 5. Nxc6 bxc6 6. e5 Qe7 7. Qe2 Nd5 8.
c4 Nb6 9. Nd2 d5 10. exd6 cxd6 11. Ne4 Be6 12. c5 dxc5 13. Be3 Bc4 14. Qc2 Bxf1
15. Kxf1 Qd8 16. Re1 Be7 17. Nd6+ Kf8 18. Nf5 Nd7 19. Qe4 Bf6 20. Qxc6 Rc8 21.
Qd5 Qc7 22. Nd6 Nb6 23. Qxc5 Be7 24. Qxc7 Rxc7 25. Nb5 Rd7 26. Rc1 Kg8 27. Ke2
h6 28. Rc6 Nd5 29. Rc8+ Kh7 30. Rxh8+ Kxh8 31. Bxa7 Bf6 32. Rb1 Rb7 33. a4 Nc7
34. Nxc7 Rxa7 35. Nd5 Rxa4 36. Nxf6 gxf6 37. h3 Rb4 38. b3 f5 39. Kd3 f4 40.
Ke2 Kg7 41. Kf3 Kf6 42. Kg4 Kg6 43. Rb2 h5+ 44. Kf3 Kf5 45. Ke2 Ke4 46. f3+ Kd4
47. Kd2 h4 48. Kc2 Rb6 49. b4 Kc4 50. b5 f5 51. Ra2 Kxb5 52. Kc3 Rd6 53. Rb2+
Ka5 54. Kc4 Ka6 55. Kc5 Rd8 56. Rb6+ Ka5 57. Rh6 Rd2 58. Rxh4 Rxg2 59. Kd6 Kb5
60. Ke5 Kc5 61. Rxf4 Re2+ 62. Kf6 Kd6 63. h4 Re8 64. Rxf5 Rf8+ 65. Kg6 Rh8 66.
h5 Rg8+ 67. Kf7 Rb8 68. h6 Rb7+ 69. Kg6 Rb8 70. h7 Ke6 71. f4 Rh8 72. Rf7 Kd5
73. f5 Ke5 74. Re7+ Kd6 75. f6 Rc8 76. h8=R Rxh8 77. Ra7 Rh3 78. Ra6+ Ke5 79.
f7 Rg3+ 80. Kh6 Rf3 81. Kg7 Rg3+ 82. Rg6 Rf3 83. Rg4 Rf5 84. Rh4 Rxf7+ 85. Kxf7
Kf5 86. Kg7 Ke5 87. Kg6 Kd6 88. Kf6 Kd5 89. Rg4 Kc6 90. Ke6 Kc5 91. Rh4 Kb6 92.
Kd6 Kb5 93. Rg4 Kb6 94. Rg5 Kb7 95. Rb5+ Ka6 96. Kc6 Ka7 97. Kc7 Ka6 98. Rc5
Ka7 99. Ra5# {monsoon checkmated} 1-0

[Event "ICS rated blitz match"]
[Site "204.178.125.65"]
[Date "2001.01.12"]
[Round "?"]
[White "Hossa"]
[Black "monsoon"]
[Result "1-0"]
[WhiteElo "2558"]
[BlackElo "2317"]
[PlyCount "117"]
[EventDate "2001.??.??"]

1. e4 e5 2. Nf3 Nc6 3. d4 exd4 4. Nxd4 Nf6 5. Nxc6 bxc6 6. e5 Qe7 7. Qe2 Nd5 8.
c4 Ba6 9. b3 O-O-O 10. Qb2 Nb4 11. Be2 Qe6 12. a3 Qg6 13. axb4 Qxg2 14. Rf1 Bb7
15. c5 d5 16. Rxa7 d4 17. Nd2 d3 18. Bf3 Qxh2 19. Nc4 Qh3 20. Bd1 Qf5 21. Qa2
Qe4+ 22. Be3 f6 23. exf6 gxf6 24. Rg1 Be7 25. Bg4+ f5 26. f3 Bh4+ 27. Kd1 Qe6
28. Bh5 Bf6 29. Qa4 Rdg8 30. Re1 Bh4 31. Rh1 Bf6 32. f4 Qd5 33. Rh2 Qe4 34. Kc1
Bd4 35. Bxd4 Qxd4 36. Rh1 Qxf4+ 37. Kb1 Qd4 38. Rd1 Qc3 39. Rc1 Qf6 40. Bf3 Rg3
41. Nd2 h5 42. Qa5 Rhg8 43. b5 Rg1 44. Nf1 R1g2 45. Bxg2 Rxg2 46. Nd2 h4 47.
Rd1 h3 48. b6 cxb6 49. Qxb6 Rg7 50. Nc4 Kb8 51. Nd6 Qe7 52. Rxb7+ Qxb7 53. Nxb7
Rxb7 54. Qd8+ Ka7 55. Qa5+ Kb8 56. Rxd3 Rc7 57. Rd8+ Rc8 58. Qb6+ Ka8 59. Rxc8#
{monsoon checkmated} 1-0

[Event "ICS rated standard match"]
[Site "204.178.125.65"]
[Date "2001.01.12"]
[Round "?"]
[White "diep"]
[Black "Hossa"]
[Result "1-0"]
[WhiteElo "2534"]
[BlackElo "2339"]
[PlyCount "76"]
[EventDate "2001.??.??"]

1. e4 e5 2. Nf3 d6 3. d4 exd4 4. Nxd4 Nf6 5. Nc3 Be7 6. Be2 O-O 7. O-O a6 8. f4
d5 9. e5 Ne4 10. Be3 Nxc3 11. bxc3 c5 12. Nb3 c4 13. Nd4 Nc6 14. Bf3 Bc5 15.
Qd2 Re8 16. Rfb1 Qc7 17. Qf2 Rd8 18. Nb5 Bxe3 19. Nxc7 Bxf2+ 20. Kxf2 Rb8 21.
Nxd5 Be6 22. Ne3 Na5 23. Rb6 Bd7 24. Rd1 Bb5 25. Rxd8+ Rxd8 26. Be4 Rd7 27. Rd6
g6 28. Nd5 Kg7 29. g4 Bc6 30. g5 Bxd5 31. Rxd5 Rxd5 32. Bxd5 b6 33. Ke3 Kf8 34.
Ke4 Ke8 35. f5 Kf8 36. f6 Ke8 37. Ba8 Kd7 38. Kd5 b5 {Hossa resigns} 1-0

[Event "ICS rated blitz match"]
[Site "204.178.125.65"]
[Date "2001.01.12"]
[Round "?"]
[White "Hossa"]
[Black "Kapa"]
[Result "1-0"]
[WhiteElo "2564"]
[BlackElo "1908"]
[PlyCount "87"]
[EventDate "2001.??.??"]

1. e4 c5 2. c3 Qa5 3. f4 d6 4. Na3 e6 5. Nc4 Qc7 6. d4 b5 7. Ne3 a6 8. dxc5
Qxc5 9. Nc2 Nf6 10. Bd3 Be7 11. Nf3 O-O 12. Be3 Qc7 13. Ng5 Nbd7 14. O-O h6 15.
Nf3 Bb7 16. Nd2 Rfe8 17. Qe2 Nc5 18. Bxc5 dxc5 19. c4 b4 20. e5 Nd7 21. Be4
Bxe4 22. Nxe4 Nf8 23. g4 Red8 24. Rad1 Rxd1 25. Rxd1 Rd8 26. Ne1 Rxd1 27. Qxd1
Qc6 28. Qe2 Ng6 29. Ng2 Nh4 30. Nxh4 Bxh4 31. Qd3 g6 32. g5 hxg5 33. Qd8+ Kg7
34. Qf6+ Kg8 35. Nd6 Qd7 36. fxg5 a5 37. Qf4 Be1 38. Kf1 b3 39. a3 Qc6 40.
Qxf7+ Kh8 41. Qf8+ Kh7 42. Qh6+ Kg8 43. Qxg6+ Kf8 44. Qf7# {Kapa checkmated}
1-0

[Event "ICS rated blitz match"]
[Site "204.178.125.65"]
[Date "2001.01.12"]
[Round "?"]
[White "rancler"]
[Black "Hossa"]
[Result "1-0"]
[WhiteElo "2710"]
[BlackElo "2565"]
[PlyCount "91"]
[EventDate "2001.??.??"]

1. Nf3 Nf6 2. c4 e6 3. d4 b6 4. g3 Bb7 5. Bg2 Be7 6. Nc3 O-O 7. O-O Ne4 8. Qc2
Nxc3 9. Qxc3 Be4 10. b3 Nc6 11. Bb2 f6 12. a3 f5 13. Qe3 Na5 14. Rac1 Bf6 15.
b4 Nc6 16. h3 a6 17. Rfd1 Qe8 18. Bc3 Qe7 19. d5 exd5 20. cxd5 f4 21. gxf4 Bxf3
22. Bxf3 Qxe3 23. fxe3 Na7 24. Bxf6 Rxf6 25. Rxc7 d6 26. Rb7 Nb5 27. Rd3 Rh6
28. a4 Na7 29. Rc3 Rxh3 30. Rcc7 g5 31. Rg7+ Kh8 32. fxg5 Nc8 33. Kg2 Rh4 34.
e4 h6 35. Rh7+ Kg8 36. Rbg7+ Kf8 37. Rd7 Ne7 38. Rh8+ Kf7 39. Rxa8 hxg5 40. e5
Kg6 41. Rxe7 dxe5 42. Re6+ Kg7 43. Ra7+ Kf8 44. Rc6 Rc4 45. Rxc4 e4 46. Rc8# {
Hossa checkmated} 1-0

[Event "ICS rated blitz match"]
[Site "204.178.125.65"]
[Date "2001.01.12"]
[Round "?"]
[White "KingOrange"]
[Black "Hossa"]
[Result "0-1"]
[WhiteElo "2022"]
[BlackElo "2556"]
[PlyCount "86"]
[EventDate "2001.??.??"]

1. d4 Nf6 2. f4 e6 3. Nf3 d5 4. e3 c5 5. c3 cxd4 6. exd4 Be7 7. Bd3 Ne4 8. O-O
Bd6 9. Be3 Qc7 10. g3 Nc6 11. Nbd2 Nxd2 12. Qxd2 f6 13. Rae1 O-O 14. b4 Bd7 15.
a4 Ne7 16. Bc2 Rac8 17. Qd3 g6 18. Bd2 Bxb4 19. cxb4 Qxc2 20. Qxc2 Rxc2 21. Be3
Bxa4 22. Ra1 b5 23. Rfc1 Rc4 24. Rxc4 dxc4 25. Bd2 Nd5 26. Rc1 Rc8 27. Bc3 Kg7
28. Kf2 h6 29. Nd2 Rd8 30. Nf3 Kf7 31. Ke2 Nxc3+ 32. Rxc3 Ke7 33. Ke3 Rc8 34.
Nd2 Ra8 35. Ne4 a5 36. bxa5 Rxa5 37. Nc5 Bd1 38. Rc1 Ra3+ 39. Kd2 Bg4 40. Rb1
c3+ 41. Kc1 Bf5 42. Rxb5 Ra1+ 43. Rb1 Rxb1# {KingOrange checkmated} 0-1

[Event "ICS rated blitz match"]
[Site "204.178.125.65"]
[Date "2001.01.12"]
[Round "?"]
[White "Younis-T"]
[Black "Hossa"]
[Result "0-1"]
[WhiteElo "2140"]
[BlackElo "2560"]
[PlyCount "32"]
[EventDate "2001.??.??"]

1. e4 e5 2. Nf3 d6 3. Bc4 Be7 4. d4 exd4 5. Nxd4 Nf6 6. Nc3 O-O 7. O-O c6 8. a4
d5 9. exd5 cxd5 10. Be2 Nc6 11. Be3 Re8 12. Qd2 Bb4 13. Nxc6 bxc6 14. Qc1 Ng4
15. Bxg4 Bxg4 16. Re1 d4 {Younis-T resigns} 0-1

[Event "ICS rated blitz match"]
[Site "204.178.125.65"]
[Date "2001.01.12"]
[Round "?"]
[White "Hossa"]
[Black "Talaniekow"]
[Result "1-0"]
[WhiteElo "2563"]
[BlackElo "2156"]
[PlyCount "95"]
[EventDate "2001.??.??"]

1. Nf3 e6 2. d4 d5 3. Bg5 Be7 4. Bxe7 Qxe7 5. c3 f5 6. e3 Nf6 7. Bd3 O-O 8. O-O
Nbd7 9. c4 Ne4 10. Nc3 c6 11. Qc2 Ndf6 12. Ne5 Bd7 13. Bxe4 fxe4 14. Ne2 Be8
15. Qb3 Bh5 16. Nf4 Rad8 17. f3 exf3 18. gxf3 g5 19. Nxh5 Nxh5 20. Qa4 a6 21.
Rac1 Kh8 22. Qb3 Ng7 23. Qc3 Nf5 24. b3 Qf6 25. Rcd1 Qh6 26. Rf2 Nh4 27. Qb4
Qg7 28. Rdf1 Nf5 29. Re2 h5 30. a3 Nh6 31. cxd5 exd5 32. f4 gxf4+ 33. Rg2 Ng4
34. Rxf4 Rxf4 35. exf4 Rf8 36. Ng6+ Qxg6 37. Qxf8+ Kh7 38. f5 Qg5 39. Qf7+ Kh6
40. Kh1 Qc1+ 41. Rg1 Qg5 42. Qe6+ Kh7 43. Qd7+ Kh6 44. Qd6+ Kh7 45. h3 Nf2+ 46.
Kh2 Nxh3 47. Rxg5 Nxg5 48. Qg6+ {Talaniekow resigns} 1-0

[Event "ICS rated standard match"]
[Site "204.178.125.65"]
[Date "2001.01.12"]
[Round "?"]
[White "ChesterX"]
[Black "Hossa"]
[Result "1-0"]
[WhiteElo "2502"]
[BlackElo "2331"]
[PlyCount "88"]
[EventDate "2001.??.??"]

1. d4 Nf6 2. c4 g6 3. Nc3 d5 4. cxd5 Nxd5 5. e4 Nxc3 6. bxc3 Bg7 7. Nf3 c5 8.
Bb5+ Nc6 9. O-O cxd4 10. cxd4 O-O 11. Be3 Bg4 12. Bxc6 bxc6 13. Rc1 Qd7 14. h3
Bh5 15. g4 Bxg4 16. hxg4 Qxg4+ 17. Kh1 Qxe4 18. Re1 Qd5 19. Rc5 Qxa2 20. Rxc6
Qd5 21. Rc5 Qd7 22. Ne5 Qh3+ 23. Kg1 Bxe5 24. dxe5 Rfd8 25. Qa4 a6 26. Rc7 Re8
27. Bg5 Qe6 28. Qd7 Qxd7 29. Rxd7 Red8 30. Rxe7 Re8 31. Rc7 h5 32. Bf6 a5 33.
Ra1 Reb8 34. Ra4 Ra6 35. Kg2 Rf8 36. f4 Rb8 37. Kf3 Rb3+ 38. Ke4 Rb8 39. f5 Kf8
40. Kf4 gxf5 41. Kxf5 Kg8 42. Kg5 Kf8 43. Kxh5 Re8 44. Rg4 Rae6 {Hossa resigns}
1-0

[Event "ICS rated blitz match"]
[Site "204.178.125.65"]
[Date "2001.01.12"]
[Round "?"]
[White "manjenosi"]
[Black "Hossa"]
[Result "0-1"]
[WhiteElo "1929"]
[BlackElo "2566"]
[PlyCount "24"]
[EventDate "2001.??.??"]

1. d4 Nf6 2. c4 e6 3. Nf3 b6 4. a3 Bb7 5. Nc3 d5 6. e3 dxc4 7. Bxc4 Bd6 8. O-O
O-O 9. Re1 c5 10. dxc5 Bxc5 11. e4 Qxd1 12. Nxd1 Nxe4 {manjenosi resigns} 0-1

[Event "ICS rated blitz match"]
[Site "204.178.125.65"]
[Date "2001.01.12"]
[Round "?"]
[White "Hossa"]
[Black "armenjan"]
[Result "1-0"]
[WhiteElo "2567"]
[BlackElo "2224"]
[PlyCount "121"]
[EventDate "2001.??.??"]

1. d4 e6 2. e4 d5 3. Nd2 f5 4. exf5 exf5 5. Ngf3 Nf6 6. Nb3 Bd6 7. Bg5 O-O 8.
Be2 Be6 9. O-O c6 10. Re1 Re8 11. Ne5 Nbd7 12. Bh5 g6 13. Nxd7 Bxd7 14. Be2 Be7
15. Nc5 Bxc5 16. dxc5 Kf7 17. c4 Be6 18. Qd4 dxc4 19. Qh4 h6 20. Bxh6 Rh8 21.
Bxc4 Bxc4 22. Qxc4+ Qd5 23. Qb4 Qd7 24. Rad1 Nd5 25. Qd2 Rae8 26. Rxe8 Rxe8 27.
Qc3 Kg8 28. Qg3 Re6 29. Bg5 Qe8 30. Bd2 Re4 31. Rb1 Re2 32. Qg5 Kf7 33. Kf1 Qe4
34. Re1 Rxe1+ 35. Bxe1 Qc4+ 36. Kg1 Qxc5 37. Qh6 Qf8 38. Qxf8+ Kxf8 39. Bd2 Kf7
40. g3 Ke6 41. h3 c5 42. Kg2 b5 43. Kf3 c4 44. a3 Kd6 45. Bg5 a5 46. Bd8 a4 47.
Ba5 Kc5 48. g4 b4 49. axb4+ Nxb4 50. gxf5 gxf5 51. Bxb4+ Kxb4 52. h4 Kc5 53. h5
c3 54. bxc3 a3 55. h6 a2 56. h7 a1=Q 57. h8=Q Qd1+ 58. Kf4 Qd2+ 59. Kg3 Qd3+
60. f3 Kc4 61. Qd4+ {armenjan resigns} 1-0

[Event "ICS rated standard match"]
[Site "204.178.125.65"]
[Date "2001.01.12"]
[Round "?"]
[White "Hossa"]
[Black "WinChesser"]
[Result "0-1"]
[WhiteElo "2322"]
[BlackElo "2095"]
[PlyCount "140"]
[EventDate "2001.??.??"]

1. d4 Nf6 2. c4 g6 3. Nc3 Bg7 4. e4 d6 5. f4 c5 6. dxc5 Qa5 7. Bd2 Qxc5 8. Be2
O-O 9. b4 Qb6 10. e5 Nfd7 11. Nd5 Qd8 12. exd6 exd6 13. Rc1 Nc6 14. Nf3 Nd4 15.
Nxd4 Bxd4 16. Bc3 Bxc3+ 17. Rxc3 Nf6 18. Re3 Nxd5 19. cxd5 Qb6 20. Qd2 Bd7 21.
Re7 Qd8 22. Re4 Bf5 23. Re3 Qb6 24. g4 Bd7 25. Rg1 a5 26. Rgg3 axb4 27. Re7 Qd8
28. Ree3 Qa5 29. Re7 Bb5 30. Bxb5 Qxb5 31. Rb3 Rfe8 32. Rxe8+ Rxe8+ 33. Kf2 Re4
34. Kg3 Qc5 35. Kh4 Qc4 36. Kg3 Rd4 37. Qe3 Qxd5 38. Qf3 Qxf3+ 39. Kxf3 Rc4 40.
Rb2 Kf8 41. h3 Ke7 42. Kg3 d5 43. h4 Kd6 44. h5 gxh5 45. gxh5 Kc5 46. Kg4 d4
47. Kf3 Kd5 48. Kg4 d3 49. Kf3 Kd4 50. Rb3 f5 51. a4 b6 52. h6 Kc5 53. Rxd3 Rc3
54. Ke2 Rxd3 55. Kxd3 Kd5 56. Kc2 Kc4 57. Kb2 b3 58. Kb1 Kc3 59. Kc1 Kb4 60. a5
bxa5 61. Kd2 Kc4 62. Ke2 b2 63. Kf3 b1=Q 64. Kg2 a4 65. Kf2 a3 66. Kg2 a2 67.
Kf3 a1=R 68. Kg2 Qb3 69. Kf2 Ra2+ 70. Kf1 Qd1# {Hossa checkmated} 0-1